Quiz su Saint Kitts e Nevis - Statistics

Statistiche generali
  • Questo quiz è stato fatto 392 volte
  • Il punteggio medio è 10 su 15
Statistiche sulle risposte
Hint Risposta % Corretto
Mare in cui il Paese è situato Mar dei Caraibi
96%
Paese dal quale Saint Kitts e Nevis ha ottenuto l'indipendenza nel 1983 Regno Unito
93%
Tali isole appartengono a loro volta a questo altro arcipelago Piccole {Antille}
91%
Moneta nazionale Dollaro dei Caraibi Orientali
80%
Religione più praticata Protestante
80%
Sport più popolare Cricket
77%
Saint Kitts e Nevis è il più ______ paese dell'emisfero occidentale, per area e popolazione Piccolo
74%
Capitale Basseterre
65%
Tecnicamente, è il capo di stato di Saint Kitts e Nevis Carlo III
65%
Paese che possiede l'isola di Sant'Eustachio, situata a 10 chilometri da Saint Kitts Paesi Bassi
60%
Saint Kitts ha il secondo più alto numero di queste persone pro capite, dietro solo Monaco Miliardari
57%
Santo patrono da cui deriva il nome di Saint Kitts San Cristoforo
40%
Saint Kitts e Nevis appartiene a questo gruppo di isole Isole {Sopravento} Settentrionali
38%
Città più popolosa e capoluogo di Nevis (aiuto: deriva dal nome maschile di un re) Charlestown
28%
Il padre fondatore degli Stati Uniti che nacque a Nevis nel 1757 Alexander Hamilton
26%
Nessun quiz corrispondente trovato
Distribuzione punteggi
Percentuale di utenti per punteggio
Percentile per numero di risposta
I tuoi punteggi nel tempo
Non hai fatto questo quiz